000 00333nam a2200133Ia 4500
008 240624s9999 xx 000 0 und d
041 _aeng
082 _a823 BIN
100 _aBINGHAM CHARLOTTE
245 _aCHARLOTTE BINGHAM OUT OF THE BLUE
260 _c2006
_aLondon
_bBantam books
300 _a446 : p. : cm. ; 17
365 _cBPS
999 _c3815
_d3815